000 00536nam a2200193Ia 4500
005 20250326143528.0
008 250326s9999 xx 000 0 und d
020 _a0-7506-6677-3
037 _aTextbook
040 _aFMSL
_beng
_cFMSL
041 _aeng
_2eng
084 _aX:74 P5
_qFMSL
100 _aHinemann E B
_9748144
245 0 _aManagement extra: managing yourself
_cHinemann E B
260 _aAmsterdam
_bAmsterdam, Elsevier
_c2005
300 _axiii,122
942 _cTB
_hX:74 P5
999 _c1299967
_d1299967